=LDR 00000nam 2200000 4500 =001 INLIS000000000022143 =005 20130612120930 =008 ***********************************Ind** =035 ##$$0010-061300000022143 =041 ##$$a Ind =082 ##$$a 540.7 =090 ##$$a 540.7, Syu k =100 ##$$a Syukri S =245 ##$$a Kimia dasar, Syukri S =260 ##$$a 1999 $b Jakarta =300 ##$$a 513 hlm, ilus, 28 cm =650 ##$$a Kimia =850 ##$$a NBPNMAT =990 ##$$a 1298212982